000 00898nam a22002057a 4500
005 20150909020002.0
008 120223s2010 ck ag gr 000 0dspa d
020 _a9789588317625
041 0 _aspa
082 0 4 _a631.44
_bP35d
100 1 _aPeña-Venegas, Clara Patricia.
_9983
245 1 0 _aDinámica de los suelos amazónicos:
_bprocesos de degradación y alternativas para su recuperación /
_cClara Patricia Peña-Vanegas, Gladys I. Cardona.
260 _aBogotá :
_bSinchi. Instituto Amazónico de Investigaciones Científicas :
_bMinisterio de Ambiente, Vivienda y Desarrollo Territorial,
_c2010.
300 _a115 p. :
_bil. ;
_c24 cm.
504 _aIncluye bibliografías.
650 _aSuelos
_x Clasificación
_z Amazonas (Colombia)
_9984
650 _aAnálisis del suelo
_x Clasificación
_z Amazonas (Colombia)
_9985
700 1 _aCardona, Gladys I.
_9986
942 _2ddc
_cIMPRESO
_01
999 _c7457
_d7457